Analýza ekonomiky Moldavskej republiky bakalárska práca

Guardado en:
Detalles Bibliográficos
Autor principal: Ruban, Anastasia
Autor Corporativo: Fakulta medzinárodných vzťahov EU. Katedra medzinárodných ekonomických vzťahov a hospodárskej diplomacie
Otros Autores: Raneta, Leonid, 1982-
Formato: Libro
Lenguaje:eslovaco
Publicado: Bratislava 2021
Etiquetas: Agregar Etiqueta
Sin Etiquetas, Sea el primero en etiquetar este registro!

MARC

LEADER 00000nbm a2200000 4500
001 0275399
005 20220222103329.5
041 0 |a slo 
044 |a SK 
245 1 0 |a Analýza ekonomiky Moldavskej republiky  |b bakalárska práca  |c Anastasia Ruban ; školiteľ: Leonid Raneta 
264 1 |a Bratislava  |c 2021 
300 |a 63 s. 
100 1 |a Ruban, Anastasia 
700 1 |a Raneta, Leonid, 1982- 
710 2 |a Fakulta medzinárodných vzťahov EU. Katedra medzinárodných ekonomických vzťahov a hospodárskej diplomacie